| 000 | 00998cam a2200253 a 4500 | ||
|---|---|---|---|
| 001 | 000018392 | ||
| 005 | 20200929165505.0 | ||
| 008 | 750303s1970 pr ag b 000 p spa d | ||
| 040 |
_aDO-SdBNP _bspa _dBNPHU |
||
| 042 | _apremarc | ||
| 043 | _anwpr--- | ||
| 082 |
_aPR861.7295 _bC223c |
||
| 100 | 1 |
_aCanino Salgado, Marcelino J. _d1942- _939610 |
|
| 245 | 1 | 3 |
_aLa canción de cuna en la tradición de Puerto Rico / _cMarcelino J. Canino Salgado ; prólogo Margot Arce de Vázquez. |
| 260 |
_aSan Juan, Puerto Rico : _bInstituto de Cultura Puertorriqueña, _c1970. |
||
| 300 |
_a146 p. : _bil. ; _c22 cm. |
||
| 500 | _aIncluye unacc. melodías. | ||
| 504 | _aBibliografías: p.133-142. | ||
| 650 | 4 |
_aCanciones folcloricas puertorriqueñas _939828 |
|
| 650 | 4 |
_aCanciones folcloricas _xHistoria y crítica _939829 |
|
| 650 | 4 |
_aCanciones de cuna _xHistoria y crítica _939830 |
|
| 650 | 4 |
_aLiteratura puertorriqueña _xHistoria y crítica _92838 |
|
| 700 | 1 |
_aArce de Vázquez, Margot _epról. _98026 |
|
| 999 |
_c17913 _d17913 |
||